Porovnanie dane z pridanej hodnoty v Slovenskej a Českej republike diplomová práca

Enregistré dans:
Détails bibliographiques
Auteur principal: Lengyel, Boris
Collectivité auteur: Národohospodárska fakulta EU. Katedra financií
Autres auteurs: Válek, Juraj, 1981-
Format: Livre
Langue:slovaque
Publié: Bratislava 2016
Tags: Ajouter un tag
Pas de tags, Soyez le premier à ajouter un tag!

MARC

LEADER 00000nbm a2200000 4500
001 0217850
005 20170104131104.2
041 0 |a slo 
044 |a SK 
245 1 0 |a Porovnanie dane z pridanej hodnoty v Slovenskej a Českej republike  |b diplomová práca  |c Boris Lengyel ; školiteľ: Juraj Válek 
264 1 |a Bratislava  |c 2016 
300 |a 65 s. 
100 1 |a Lengyel, Boris 
700 1 |a Válek, Juraj, 1981- 
710 2 |a Národohospodárska fakulta EU. Katedra financií